| 000 | 01563cas a2200457 a 4500 | ||
|---|---|---|---|
| 001 | 61635 | ||
| 005 | 20230410142348.0 | ||
| 008 | 930910c19759999dr br p o spa | ||
| 035 | _9(DLC) 93656326 | ||
| 035 | _a11423658 | ||
| 010 | _a 93656326 | ||
| 012 | _a23-7-9310280094-p-9309 | ||
| 035 | _a(OCoLC)ocm28774604 | ||
| 040 |
_aDLC _cDLC |
||
| 042 | _alc | ||
| 043 | _ae-sp--- | ||
| 050 | 1 | 4 |
_aBX1583.P123 _bC4a |
| 245 | 0 | 0 |
_aPadre Rafael C. Castellanos / _b1875-6 de agosto -1975. _cArzobispado de Santo Domingo . |
| 249 | 0 |
_iACQUIRE Title: _aBoletín oficial eclesiástico. |
|
| 260 |
_aSanto Domingo : _b(Santo Domingo |
||
| 265 | _aArzobispado C de Santo Domingo/. | ||
| 300 |
_av. ; _c24 cm. |
||
| 310 | _aBimonthly | ||
| 362 | 0 | _aAño 57, núm. 474 (enero-feb. 1993)- | |
| 500 | _aTitle from cover. | ||
| 500 | _aDescription based on: Aäno 57, nâum. 474 (enero-feb. 1993); title from cover. | ||
| 515 | _aIssue for enero-feb. 1993 is erroneously designated aäno 56 on cover. | ||
| 590 | _aSERBIB/SERLOC merged record | ||
| 592 | _aACQN: aq 95010145 | ||
| 592 | _aRec'd v51,n588 (1987) - v60,n673 (1996); n678 (1997); v62,n683 (1998); | ||
| 610 | 2 | 0 |
_aCatholic Church. _bArzobispado Castrense de Espaän _xPeriodicals. |
| 710 | 2 | 0 |
_aCatholic Church. _bArzobispado Castrense de Espaäna. |
| 890 |
_aBoletín oficial ecleástico. _i93-656326 |
||
| 920 | _aKeep 1 | ||
| 942 |
_2lcc _cbk |
||
| 992 |
_bEMPTY _wACQUIRE |
||
| 946 | _aclperez | ||
| 992 |
_bSER _wSERLOC |
||
| 999 |
_c94294 _d94294 |
||